[Event "Sarajevo"]
[Site "Sarajevo BIH"]
[Date "1971.??.??"]
[Round "2"]
[White "Bronstein, David I"]
[Black "Lengyel, Levente"]
[Result "0-1"]
[WhiteElo "2590"]
[BlackElo "2490"]
[PlyCount "24"]
[EventDate "1971.??.??"]
[Source "www.chesslib.no"]
[SourceDate "2004.05.04"]

1. e4 e5 2. Nf3 Nc6 3. Bc4 Nf6 4. Ng5 d5 5. exd5 Nd4 6. c3 b5 7. Bf1 Nxd5 8. cxd4 Qxg5 9. Bxb5+ Kd8 10. O-O exd4 11. Qf3 Bb7 12. Qxf7 Nf6 0-1

[Event "Balaguer Op"]
[Site "?"]
[Date "1997.??.??"]
[Round "?"]
[White "Narciso, M."]
[Black "Kuzmin, A."]
[Result "1/2-1/2"]
[WhiteElo "2450"]
[BlackElo "2525"]
[PlyCount "73"]
[EventDate "1997.??.??"]
[Source "www.chesslib.no"]
[SourceDate "2004.05.04"]

1. e4 e5 2. Nf3 Nc6 3. Bc4 Nf6 4. Ng5 d5 5. exd5 Nd4 6. c3 b5 7. Bf1 Nxd5 8. Ne4 Ne6 9. Bxb5+ Bd7 10. Bxd7+ Qxd7 11. O-O Be7 12. d4 exd4 13. cxd4 O-O 14. Nbc3 Rfd8 15. Be3 Nxc3 16. bxc3 f5 17. Nc5 Bxc5 18. dxc5 f4 19. Bd4 Nxd4 20. cxd4 Qxd4 21. Qb3+ Kh8 22. Rac1 a5 23. Rfd1 Qb4 24. Rxd8+ Rxd8 25. Qxb4 axb4 26. Kf1 g5 27. Rc4 Rd5 28. h4 h6 29. hxg5 hxg5 30. c6 Rd6 31. Rxb4 Rxc6 32. Rb5 Rc1+ 33. Ke2 Rc2+ 34. Kf3 g4+ 35. Kxf4 Rxf2+ 36. Kg3 Rxa2 37. Rc5 1/2-1/2

[Event "Moscow ol (Men)"]
[Site "Moscow"]
[Date "1994.??.??"]
[Round "6"]
[White "Hatanbaatar, Bazar"]
[Black "Yurtaev, Leonid"]
[Result "1-0"]
[WhiteElo "2435"]
[BlackElo "2530"]
[PlyCount "73"]
[EventDate "1994.11.??"]
[Source "ChessBase"]

1. e4 e5 2. Nf3 Nc6 3. Bc4 Nf6 4. Ng5 d5 5. exd5 Nd4 6. c3 Nf5 7. O-O h6 8. Nf3 e4 9. Ne5 Bd6 10. d4 O-O 11. f3 Qe7 12. fxe4 Nxe4 13. Nf3 Nh4 14. Nbd2 Bg4 15. Qe1 Bxf3 16. Nxf3 Ng6 17. Bd3 f5 18. c4 Rae8 19. c5 Bf4 20. Bxf4 Nxf4 21. Bc4 Kh7 22. Qe3 g5 23. Rae1 Qd8 24. Ne5 Nxd5 25. Bxd5 Qxd5 26. g4 Nf6 27. Rxf5 Kg7 28. h3 Qxa2 29. Ref1 Qe6 30. Qd3 Rd8 31. R5f3 Qe8 32. Re3 Nh7 33. Ree1 Nf6 34. Nf3 Qa4 35. Re7+ Rf7 36. Rxf7+ Kxf7 37. Qf5 1-0

[Event "Zuerich sim"]
[Site "Zurich SUI"]
[Date "1988.??.??"]
[Round "?"]
[White "Timman, Jan H"]
[Black "Arikok, Enis"]
[Result "0-1"]
[WhiteElo "2675"]
[BlackElo "2290"]
[PlyCount "56"]
[EventDate "1988.??.??"]
[Source "www.chesslib.no"]
[SourceDate "2004.05.04"]

1. e4 e5 2. Nf3 Nc6 3. Bc4 Nf6 4. Ng5 d5 5. exd5 Nd4 6. c3 b5 7. Bf1 Nxd5 8. Ne4 Qh4 9. Ng3 Bg4 10. f3 e4 11. cxd4 Bd6 12. Qe2 O-O 13. fxg4 Nb4 14. Kd1 Bxg3 15. hxg3 Qxh1 16. Nc3 f5 17. a3 Nd3 18. Kc2 b4 19. Nd5 b3+ 20. Kxb3 fxg4 21. Ne3 Rf2 22. Qxg4 Rxf1 23. Nxf1 Qxf1 24. Qxe4 Nxc1+ 25. Kc2 Qc4+ 26. Kd1 Rf8 27. d3 Nxd3 28. Kd2 Nc5 0-1

[Event "World Cup VI Final"]
[Site "Cork World Cup VI Final"]
[Date "1994.??.??"]
[Round "?"]
[White "Heyl, Gerd"]
[Black "Voss, Maximilian"]
[Result "1-0"]
[WhiteElo "2445"]
[BlackElo "2490"]
[PlyCount "85"]
[EventDate "1994.??.??"]
[Source "www.chesslib.no"]
[SourceDate "2004.05.04"]

1. e4 e5 2. Nf3 Nc6 3. Bc4 Nf6 4. Ng5 d5 5. exd5 Nd4 6. c3 b5 7. Bf1 Nxd5 8. Ne4 Qh4 9. Ng3 Bg4 10. f3 e4 11. cxd4 Bd6 12. Bxb5+ Kd8 13. O-O exf3 14. Rxf3 Rb8 15. Bf1 Re8 16. Nc3 c6 17. d3 Nxc3 18. bxc3 Rb5 19. d5 Bxf3 20. Qxf3 Rxd5 21. Be3 Re6 22. Re1 g6 23. Qxf7 Re7 24. Qg8+ Kd7 25. Bf2 Rxe1 26. Bxe1 Re5 27. Bf2 Re8 28. Qb3 Rb8 29. Qf7+ Qe7 30. Qc4 Rb1 31. Ne4 a5 32. Qd4 Qe5 33. Qa7+ Ke6 34. g3 h5 35. Qh7 Qf5 36. Qg8+ Kd7 37. Qc8+ Kxc8 38. Nxd6+ Kd7 39. Nxf5 gxf5 40. Bc5 Ke6 41. c4 a4 42. a3 f4 43. Kf2 1-0

[Event "CRO-ch"]
[Site "Slavonski Brod"]
[Date "1995.??.??"]
[Round "?"]
[White "Zelcic, Robert"]
[Black "Jukic, Branimir"]
[Result "1-0"]
[WhiteElo "2500"]
[BlackElo "2415"]
[PlyCount "33"]
[EventDate "1995.02.??"]
[Source "ChessBase"]

1. e4 e5 2. Nf3 Nc6 3. Bc4 Nf6 4. Ng5 d5 5. exd5 Nd4 6. c3 b5 7. Bf1 Nxd5 8. cxd4 Qxg5 9. Qf3 Bb7 10. Bxb5+ Kd8 11. O-O exd4 12. d3 Qe5 13. Nd2 Bd6 14. g3 Rb8 15. Nc4 Nf4 16. Qxf4 Qd5 17. Qg5+ 1-0

[Event "Corr"]
[Site "?"]
[Date "2001.06.20"]
[Round "?"]
[White "Siigur Juri"]
[Black "Neuvonen Olavi (FIN)"]
[Result "1-0"]
[WhiteElo "2459"]
[BlackElo "2438"]
[PlyCount "59"]
[EventDate "2001.??.??"]
[Source "www.chesslib.no"]
[SourceDate "2004.05.04"]

1. e4 e5 2. Nf3 Nc6 3. Bc4 Nf6 4. Ng5 d5 5. exd5 Nd4 6. c3 b5 7. Bf1 Nxd5 8. h4 h6 9. Nxf7 Kxf7 10. cxd4 exd4 11. Bxb5 Bb7 12. Bc4 g6 13. Qg4 Bg7 14. O-O h5 15. Qf3+ Bf6 16. d3 Kg7 17. Nd2 Re8 18. g3 Rb8 19. Ne4 Be7 20. Qe2 Qd7 21. Qd2 Qf5 22. Qh6+ Kg8 23. Re1 Bf8 24. Qg5 Kh8 25. Bd2 Nb6 26. Bb3 Ba6 27. Bf4 Bxd3 28. Qxf5 gxf5 29. Nf6 Nc4 30. Nxe8 1-0

[Event "Gausdal Int"]
[Site "Gausdal NOR"]
[Date "1990.??.??"]
[Round "1"]
[White "Stein, Bernd"]
[Black "Yurtaev, Leonid"]
[Result "0-1"]
[WhiteElo "2380"]
[BlackElo "2515"]
[PlyCount "76"]
[EventDate "1990.08.??"]
[Source "www.chesslib.no"]
[SourceDate "2004.05.04"]

1. e4 e5 2. Nf3 Nc6 3. Bc4 Nf6 4. Ng5 d5 5. exd5 Nd4 6. c3 Nf5 7. d4 exd4 8. O-O Be7 9. Nxf7 Kxf7 10. d6+ Kg6 11. dxe7 Qxe7 12. g4 Nd6 13. Re1 Qxe1+ 14. Qxe1 Nxc4 15. g5 Bh3 16. gxf6 Rhe8 17. Qd1 Ne5 18. f3 Rad8 19. Bf4 gxf6 20. Nd2 dxc3 21. Qc2+ Nd3 22. Nf1 f5 23. Bxc7 cxb2 24. Rb1 Rd7 25. Bg3 Red8 26. Bf2 Ne5 27. Bxa7 Nxf3+ 28. Kf2 Nd2 29. Ne3 Ne4+ 30. Ke1 Rd2 31. Qc7 Bg4 32. Kf1 R8d6 33. Qxb7 Bh3+ 34. Kg1 Kh6 35. Nxf5+ Bxf5 36. Be3+ Kh5 37. Rxb2 Rg6+ 38. Kf1 Rd1+ 0-1

[Event "Nova Gorica op 7th"]
[Site "Nova Gorica"]
[Date "2002.02.01"]
[Round "2"]
[White "Sermek, Drazen"]
[Black "Olarasu, Gabriela"]
[Result "1-0"]
[WhiteElo "2595"]
[BlackElo "2293"]
[PlyCount "85"]
[EventDate "2002.01.12"]
[Source "ChessBase"]
[SourceDate "2002.03.14"]

1. e4 e5 2. Nf3 Nc6 3. Bc4 Nf6 4. Ng5 d5 5. exd5 Nd4 6. c3 b5 7. Bf1 Nxd5 8. cxd4 Qxg5 9. Bxb5+ Kd8 10. Qf3 Bb7 11. O-O Rb8 12. dxe5 Nb4 13. d4 Qg6 14. d5 Bxd5 15. Rd1 Rxb5 16. Nc3 Qc6 17. Qf5 h6 18. a3 Ra5 19. Rb1 Qe6 20. Qh5 Kc8 21. axb4 Bxb4 22. Nxd5 Rxd5 23. Rxd5 Qxd5 24. Qg4+ Qd7 25. e6 fxe6 26. Be3 Bd6 27. Ra1 e5 28. Qe4 Kd8 29. Rxa7 Ke7 30. Qg6 Rg8 31. Bxh6 Qe6 32. Bg5+ Kd7 33. Qe4 Qb3 34. g3 Qd1+ 35. Kg2 Rf8 36. Be3 Ke7 37. Bc5 Kd7 38. Bxd6 Qxd6 39. Qg4+ Ke7 40. Qxg7+ Rf7 41. Qg5+ Kd7 42. Qg4+ Ke7 43. Qe4 1-0

[Event "Moscow GM2"]
[Site "Moscow"]
[Date "1996.??.??"]
[Round "?"]
[White "Ivanov, Victor L"]
[Black "Kobalija, Mihail"]
[Result "0-1"]
[WhiteElo "2450"]
[BlackElo "2425"]
[PlyCount "50"]
[EventDate "1996.??.??"]
[Source "www.chesslib.no"]
[SourceDate "2004.05.04"]

1. e4 e5 2. Nf3 Nc6 3. Bc4 Nf6 4. Ng5 d5 5. exd5 Nd4 6. c3 b5 7. Bf1 Nxd5 8. Nxf7 Kxf7 9. cxd4 exd4 10. Qf3+ Nf6 11. Bxb5 Be6 12. O-O Rb8 13. Ba4 Bd5 14. Qe2 Bc5 15. d3 Rf8 16. Nd2 Kg8 17. Bb3 Kh8 18. Bxd5 Qxd5 19. Nf3 Rbe8 20. Qd1 Bd6 21. Qb3 Qh5 22. h3 Nd5 23. Ng5 Nf6 24. Ne6 Qe5 25. Nf4 g5 0-1

[Event "Tivat Open"]
[Site "Tivat"]
[Date "1995.??.??"]
[Round "1"]
[White "Djuric, Petar"]
[Black "Pavlovic, Milos"]
[Result "0-1"]
[WhiteElo "2320"]
[BlackElo "2505"]
[PlyCount "60"]
[EventDate "1995.??.??"]
[Source "www.chesslib.no"]
[SourceDate "2004.05.04"]

1. e4 e5 2. Nf3 Nc6 3. Bc4 Nf6 4. Ng5 d5 5. exd5 Nd4 6. c3 b5 7. Bf1 Nxd5 8. Ne4 Ne6 9. Bxb5+ Bd7 10. Bxd7+ Qxd7 11. O-O f5 12. Ng3 g6 13. d4 exd4 14. Ne2 dxc3 15. Nbxc3 Nxc3 16. bxc3 Qxd1 17. Rxd1 Bd6 18. a4 O-O-O 19. Be3 a6 20. Nd4 Rde8 21. Nxe6 Rxe6 22. g3 Rf8 23. Rab1 f4 24. gxf4 Bxf4 25. Ba7 Rd6 26. Re1 Rf7 27. Re4 Kd7 28. Kg2 Rd5 29. Rd4 Rxd4 30. Bxd4 Rf5 0-1

[Event "Slavutich Heroes of Chernobyl Memorial"]
[Site "?"]
[Date "2005.04.16"]
[Round "3"]
[White "Huda Maryana"]
[Black "Komarov Dimitri"]
[Result "0-1"]
[WhiteElo "2290"]
[BlackElo "2531"]
[PlyCount "86"]
[EventDate "2005.??.??"]
[Source "www.chesslib.no"]
[SourceDate "2004.05.04"]

1. e4 e5 2. Nf3 Nc6 3. Bc4 Nf6 4. Ng5 d5 5. exd5 Nd4 6. O-O b5 7. Bb3 h6 8. Nf3 Bg4 9. Nc3 Bd6 10. d3 O-O 11. Be3 Bxf3 12. gxf3 Nxb3 13. axb3 b4 14. Ne4 Nxd5 15. Nxd6 cxd6 16. Kh1 a5 17. Rg1 Qh4 18. Rg3 Nf4 19. Rg4 Qf6 20. Bxf4 exf4 21. Qd2 Rfc8 22. d4 Qf5 23. Rc1 Ra7 24. Rxf4 Qg5 25. h4 Qg6 26. Rg4 Qf6 27. Rf4 Qe6 28. Kg2 Re7 29. Re4 Qg6+ 30. Rg4 Qf5 31. Rf4 Re2 32. Qxe2 Qxf4 33. Ra1 Qxd4 34. Rxa5 Qxh4 35. Rd5 Qf6 36. Qd3 Rc5 37. Rxd6 Qg5+ 38. Kf1 Qc1+ 39. Qd1 Qxb2 40. Rd8+ Kh7 41. Rd2 Rh5 42. Kg2 Qe5 43. Qg1 Rg5+ 0-1

[Event "NBC"]
[Site "?"]
[Date "2003.10.15"]
[Round "?"]
[White "Houwen Piet J. van der (NE"]
[Black "Massy Giel (NED)"]
[Result "1/2-1/2"]
[WhiteElo "2537"]
[BlackElo "2279"]
[PlyCount "110"]
[EventDate "2003.??.??"]
[Source "www.chesslib.no"]
[SourceDate "2004.05.04"]

1. e4 e5 2. Nf3 Nc6 3. Bc4 Nf6 4. Ng5 d5 5. exd5 Nd4 6. c3 b5 7. Bf1 Nxd5 8. cxd4 Qxg5 9. Bxb5+ Kd8 10. O-O Bb7 11. Qf3 e4 12. Qh3 Bc8 13. d3 Qxc1 14. Qxc8+ Rxc8 15. Rxc1 e3 16. Bc4 exf2+ 17. Kxf2 Ne7 18. Nd2 g6 19. Nf3 Bg7 20. Ne5 Rf8 21. b4 Rb8 22. Rab1 Rb6 23. b5 f6 24. Nf3 Rd6 25. Re1 g5 26. h3 h5 27. g4 hxg4 28. hxg4 Nd5 29. a4 Nf4 30. a5 f5 31. Kg3 fxg4 32. Nxg5 Kd7 33. Rbd1 Rxd4 34. Re4 Nh5+ 35. Kh4 Rh8 36. Rxd4+ Bxd4 37. Kxg4 Nf6+ 38. Kf4 Bc3 39. a6 Ne8 40. Ke3 Nd6 41. Ne4 Be5 42. Nc5+ Ke7 43. Re1 Bc3 44. Re2 Kf6 45. Kf3 Bd4 46. Nd7+ Kg5 47. Ne5 Rf8+ 48. Kg2 Bxe5 49. Rxe5+ Rf5 50. Re7 Rc5 51. b6 cxb6 52. Rxa7 Nxc4 53. dxc4 Rxc4 54. Ra8 Rc7 55. Kf3 Kf5 1/2-1/2

[Event "New York op"]
[Site "New York"]
[Date "1997.??.??"]
[Round "1"]
[White "Rogers, Norman"]
[Black "Christiansen, Larry Mark"]
[Result "0-1"]
[WhiteElo "2245"]
[BlackElo "2560"]
[PlyCount "51"]
[EventDate "1997.04.02"]
[Source "www.chesslib.no"]
[SourceDate "2004.05.04"]

1. e4 e5 2. Nf3 Nc6 3. Bc4 Nf6 4. Ng5 d5 5. exd5 Nd4 6. c3 b5 7. Bf1 Nxd5 8. Nxf7 Kxf7 9. cxd4 exd4 10. Bxb5 Qe7+ 11. Kf1 Be6 12. Qf3+ Kg8 13. d3 g6 14. Bc6 Rd8 15. Qe2 Qd6 16. Bb5 Ne3+ 17. Bxe3 dxe3 18. f3 Be7 19. Bc4 Bxc4 20. dxc4 Qe6 21. h4 Kg7 22. h5 Rhe8 23. hxg6 hxg6 24. Nc3 c6 25. Re1 Rh8 26. Rh3 0-1

[Event "Zalakaros op 19th"]
[Site "?"]
[Date "2000.05.24"]
[Round "6"]
[White "Groszpeter Attila"]
[Black "Frosch Erich"]
[Result "1-0"]
[WhiteElo "2470"]
[BlackElo "2314"]
[PlyCount "71"]
[EventDate "2000.??.??"]
[Source "www.chesslib.no"]
[SourceDate "2004.05.04"]

1. e4 e5 2. Nf3 Nc6 3. Bc4 Nf6 4. Ng5 d5 5. exd5 Nd4 6. c3 b5 7. Bf1 Nxd5 8. Ne4 Ne6 9. Bxb5+ Bd7 10. Bxd7+ Qxd7 11. d4 exd4 12. O-O c5 13. cxd4 cxd4 14. Ng5 Ndc7 15. Qh5 Nxg5 16. Bxg5 Ne6 17. f4 h6 18. Bh4 Bc5 19. f5 d3+ 20. Kh1 Nd4 21. Re1+ Kf8 22. f6 Qf5 23. Qd1 g5 24. Rf1 Qe4 25. Bf2 Rd8 26. Nc3 Qg6 27. Na4 Bb4 28. a3 Ba5 29. b4 Bc7 30. Bxd4 Rxd4 31. Qc1 Rd7 32. Qc6 Qh5 33. h3 Rd4 34. Qc5+ Kg8 35. Qxd4 Qe2 36. Rae1 1-0

[Event "Rio de Janeiro Luciano Andrade Memorial"]
[Site "?"]
[Date "2004.07.29"]
[Round "11"]
[White "Dirceu Viana"]
[Black "Lima Darcy"]
[Result "1/2-1/2"]
[WhiteElo "2222"]
[BlackElo "2545"]
[PlyCount "67"]
[EventDate "2004.??.??"]
[Source "www.chesslib.no"]
[SourceDate "2004.05.04"]

1. e4 e5 2. Nf3 Nc6 3. Bc4 Nf6 4. Ng5 d5 5. exd5 Nd4 6. c3 b5 7. Bf1 Nxd5 8. Ne4 Qh4 9. Ng3 Nc6 10. Bxb5 Bb7 11. O-O O-O-O 12. Qh5 Qxh5 13. Nxh5 g6 14. Ng3 a6 15. Bc4 Na5 16. d3 Nxc4 17. dxc4 Nf4 18. Bxf4 exf4 19. Ne2 f3 20. gxf3 Bxf3 21. Nd4 Bb7 22. Nd2 c5 23. N4b3 f5 24. Rfe1 Bd6 25. Nf1 Rhe8 26. Rad1 Kc7 27. Ne3 Re4 28. Nd5+ Bxd5 29. cxd5 Rh4 30. Re6 Kd7 31. Na5 Rb8 32. b3 Bxh2+ 33. Kg2 Bc7 34. Nc4 1/2-1/2

[Event "Open"]
[Site "Figueira da Foz POR"]
[Date "2008.12.01"]
[Round "3"]
[White "Chemeris, R."]
[Black "Petkov, V."]
[Result "0-1"]
[WhiteElo "2265"]
[BlackElo "2484"]
[PlyCount "74"]
[EventDate "2008.11.30"]
[Source "www.chesslib.no"]
[SourceDate "2004.05.04"]

1. e4 e5 2. Nf3 Nc6 3. Bc4 Nf6 4. Ng5 d5 5. exd5 Nd4 6. c3 b5 7. Bf1 Nxd5 8. cxd4 Qxg5 9. Bxb5+ Kd8 10. Qf3 Bb7 11. O-O Rb8 12. dxe5 Ne3 13. Qh3 Qxg2+ 14. Qxg2 Nxg2 15. d4 f6 16. Nc3 Nh4 17. Be2 Nf3+ 18. Bxf3 Bxf3 19. Re1 Rb4 20. Re3 Bb7 21. Ne2 fxe5 22. dxe5 Bc5 23. Rb3 Rxb3 24. axb3 Rf8 25. Bg5+ Kc8 26. Bh4 g5 27. Bg3 h5 28. h4 gxh4 29. Bxh4 Rf3 30. Rd1 Be4 31. Rd8+ Kb7 32. Nc3 Bc6 33. Na4 Bb4 34. Kh2 Rxb3 35. Nc3 Rxb2 36. Nd5 Bc5 37. e6 Bd6+ 0-1

[Event "Troll Masters"]
[Site "Gausdal"]
[Date "1992.??.??"]
[Round "4"]
[White "Gretarsson, Andri A"]
[Black "Nielsen, Peter Heine"]
[Result "0-1"]
[WhiteElo "2315"]
[BlackElo "2420"]
[PlyCount "60"]
[EventDate "1992.01.??"]
[Source "ChessBase"]

1. e4 e5 2. Nf3 Nc6 3. Bc4 Nf6 4. Ng5 d5 5. exd5 Nd4 6. c3 b5 7. Bf1 Nxd5 8. cxd4 Qxg5 9. Bxb5+ Kd8 10. Qf3 exd4 11. O-O Rb8 12. Bc4 Bb7 13. d3 Ne3 14. Bxe3 dxe3 15. Qg3 Qxg3 16. fxg3 Bc5 17. Re1 Ba8 18. Bb3 h5 19. Re2 h4 20. gxh4 Rxh4 21. Nc3 f5 22. Rf1 g6 23. g3 Rg4 24. Nd5 Rxb3 25. Nf4 Rxb2 26. Ne6+ Ke7 27. Nxc5 Rxe2 28. Rc1 Rg2+ 29. Kf1 e2+ 30. Ke1 Rg1+ 0-1

[Event "20th Belgrade Trophy"]
[Site "Belgrade SRB"]
[Date "2007.11.23"]
[Round "2"]
[White "Sarenac, I."]
[Black "Brenjo, S."]
[Result "1/2-1/2"]
[WhiteElo "2224"]
[BlackElo "2481"]
[PlyCount "67"]
[EventDate "2007.11.22"]
[Source "www.chesslib.no"]
[SourceDate "2004.05.04"]

1. e4 e5 2. Nf3 Nc6 3. Bc4 Nf6 4. Ng5 d5 5. exd5 Nd4 6. c3 b5 7. Bf1 Nxd5 8. cxd4 Qxg5 9. Bxb5+ Kd8 10. Qf3 Bb7 11. O-O Rb8 12. dxe5 Ne3 13. Qh3 Qxg2+ 14. Qxg2 Nxg2 15. d4 f6 16. Nc3 Nh4 17. Be2 Nf3+ 18. Bxf3 Bxf3 19. Re1 Rb4 20. Re3 Bb7 21. Rd3 Ba6 22. Rd1 fxe5 23. dxe5+ Kc8 24. h3 Bc5 25. b3 Rb6 26. Ne4 Rg6+ 27. Kh2 Rf8 28. Be3 Bxe3 29. fxe3 Bb7 30. Rd4 Bxe4 31. Rxe4 Rf2+ 32. Kh1 Rgg2 33. e6 Rh2+ 34. Kg1 1/2-1/2

[Event "Madras IND"]
[Site "Madras IND"]
[Date "1981.??.??"]
[Round "?"]
[White "Prasad, Devaki V"]
[Black "Handoko, Edhi"]
[Result "0-1"]
[WhiteElo "2300"]
[BlackElo "2405"]
[PlyCount "106"]
[EventDate "1981.??.??"]
[Source "www.chesslib.no"]
[SourceDate "2004.05.04"]

1. e4 e5 2. Nf3 Nc6 3. Bc4 Nf6 4. Ng5 d5 5. exd5 Nd4 6. d6 Qxd6 7. d3 Ne6 8. Nc3 Be7 9. O-O O-O 10. Nxe6 Bxe6 11. Bxe6 Qxe6 12. Qf3 c6 13. Bg5 Nd7 14. Bxe7 Qxe7 15. Rae1 f5 16. a3 Qd6 17. Qe3 b6 18. f4 Rae8 19. fxe5 Nxe5 20. Qf4 g6 21. Re2 Nf7 22. Qxd6 Nxd6 23. Rfe1 Kf7 24. Kf2 g5 25. b4 Rxe2+ 26. Rxe2 Rd8 27. a4 Nc8 28. Re1 Rd4 29. Rb1 Ne7 30. Ne2 Rd7 31. d4 Nc8 32. b5 cxb5 33. Rxb5 Nd6 34. Rb3 Rc7 35. c3 f4 36. Ra3 Ke6 37. a5 b5 38. Kf3 Kf5 39. a6 g4+ 40. Kf2 h5 41. Ra2 Ne4+ 42. Ke1 Re7 43. Kf1 Nd6 44. Rb2 Ke4 45. Nc1 f3 46. Kf2 Rf7 47. g3 Rc7 48. Na2 Kd3 49. Nb4+ Ke4 50. Na2 Re7 51. Kf1 Kd3 52. Kf2 Ne4+ 53. Kf1 Nd2+ 0-1

[Event "Mar del Plata Open"]
[Site "Mar del Plata ARG"]
[Date "1991.??.??"]
[Round "?"]
[White "Langier, Daniel"]
[Black "Van Riemsdijk, Herman C"]
[Result "0-1"]
[WhiteElo "2240"]
[BlackElo "2450"]
[PlyCount "36"]
[EventDate "1991.??.??"]
[Source "www.chesslib.no"]
[SourceDate "2004.05.04"]

1. e4 e5 2. Nf3 Nc6 3. Bc4 Nf6 4. Ng5 d5 5. exd5 Nd4 6. c3 b5 7. Bf1 Nxd5 8. Nxf7 Kxf7 9. cxd4 exd4 10. Qf3+ Nf6 11. Qxa8 Bc5 12. Be2 d3 13. Nc3 Re8 14. b4 Bd4 15. Bb2 dxe2 16. f3 Bf2+ 17. Kxf2 Qxd2 18. Rae1 Qd4+ 0-1

[Event "Cuxhaven Open"]
[Site "Cuxhaven"]
[Date "1994.??.??"]
[Round "?"]
[White "Michalczak, Thomas"]
[Black "Hermann, Manfred"]
[Result "0-1"]
[WhiteElo "2290"]
[BlackElo "2395"]
[PlyCount "42"]
[EventDate "1994.??.??"]
[Source "www.chesslib.no"]
[SourceDate "2004.05.04"]

1. e4 e5 2. Nf3 Nc6 3. Bc4 Nf6 4. Ng5 d5 5. exd5 Nd4 6. c3 b5 7. Bf1 Nxd5 8. h4 h6 9. Nxf7 Kxf7 10. cxd4 exd4 11. Qf3+ Nf6 12. Qxa8 Bc5 13. d3 Qe7+ 14. Kd2 Bb4+ 15. Nc3 Qc5 16. Be2 dxc3+ 17. Kc2 cxb2+ 18. Kxb2 Bg4 19. Qxh8 Qc3+ 20. Kb1 Bxe2 21. Rh3 Bd1 0-1

[Event "EU Ch U20"]
[Site "Holon"]
[Date "1995.??.??"]
[Round "3"]
[White "Czebe, Attila"]
[Black "Pedersen, Daniel V"]
[Result "0-1"]
[WhiteElo "2430"]
[BlackElo "2240"]
[PlyCount "54"]
[EventDate "1995.11.??"]
[Source "www.chesslib.no"]
[SourceDate "2004.05.04"]

1. e4 e5 2. Nf3 Nc6 3. Bc4 Nf6 4. Ng5 d5 5. exd5 Nd4 6. c3 b5 7. cxd4 bxc4 8. dxe5 Qxd5 9. exf6 Qxg5 10. O-O Bb7 11. Qa4+ Kd8 12. f3 Bd6 13. Qxc4 Qh5 14. h3 gxf6 15. Qg4 Qe5 16. d4 Qh2+ 17. Kf2 h5 18. Qg7 Re8 19. Nc3 Kd7 20. Bh6 h4 21. Qg4+ Re6 22. Ne4 Bg3+ 23. Qxg3 hxg3+ 24. Nxg3 Rg8 25. Bf4 Rxg3 26. Bxg3 Re2+ 27. Kxe2 Qxg2+ 0-1

[Event "Corr"]
[Site "?"]
[Date "2000.??.??"]
[Round "?"]
[White "Kovari Emil"]
[Black "Marek Stanislav"]
[Result "1/2-1/2"]
[WhiteElo "2376"]
[BlackElo "2294"]
[PlyCount "129"]
[EventDate "2000.??.??"]
[Source "www.chesslib.no"]
[SourceDate "2004.05.04"]

1. e4 e5 2. Nf3 Nc6 3. Bc4 Nf6 4. Ng5 d5 5. exd5 Nd4 6. d6 Qxd6 7. Bxf7+ Ke7 8. Bb3 Nxb3 9. axb3 h6 10. Nf3 e4 11. Ng1 Kf7 12. Ne2 Qe5 13. O-O Bd6 14. Ng3 h5 15. Re1 Bg4 16. d4 exd3 17. Qd2 Qc5 18. Qxd3 h4 19. Ne4 Nxe4 20. Rxe4 Bf5 21. Qf3 Kg6 22. Re2 Rhe8 23. Nc3 Rxe2 24. Nxe2 Qxc2 25. Nd4 Qe4 26. Be3 Qxf3 27. Nxf3 h3 28. Nh4+ Kf6 29. Bd4+ Kg5 30. Ra5 Kxh4 31. Rxf5 hxg2 32. Kxg2 Rf8 33. Rd5 Bf4 34. Bxg7 Rg8 35. Kf3 Rxg7 36. Kxf4 Rg2 37. Ke3 Rg6 38. f3 Re6+ 39. Kf2 Rb6 40. Rd4+ Kh3 41. Rd7 Kh4 42. Rh7+ Kg5 43. h4+ Kg6 44. Rxc7 Rxb3 45. Rc2 Kh5 46. Kg3 Rb4 47. Re2 b6 48. Rd2 a5 49. Rd5+ Kh6 50. Rd6+ Kh5 51. Rd2 a4 52. Re2 b5 53. Rd2 Kh6 54. Rf2 Kh5 55. Re2 Kh6 56. f4 Kh5 57. Kf3 Rb3+ 58. Ke4 b4 59. f5 a3 60. bxa3 bxa3 61. Re1 a2 62. Ra1 Ra3 63. Ke5 Ra5+ 64. Ke6 Ra6+ 65. Ke5 1/2-1/2

[Event "Open"]
[Site "?"]
[Date "2003.02.28"]
[Round "8"]
[White "Pilgaard Kim"]
[Black "Lejarre Ludovic"]
[Result "1-0"]
[WhiteElo "2437"]
[BlackElo "2216"]
[PlyCount "89"]
[EventDate "2003.??.??"]
[Source "www.chesslib.no"]
[SourceDate "2004.05.04"]

1. e4 e5 2. Nf3 Nc6 3. Bc4 Nf6 4. Ng5 d5 5. exd5 Nd4 6. c3 b5 7. Bf1 Nxd5 8. Ne4 Qh4 9. Ng3 Bg4 10. f3 Nf5 11. Bxb5+ Kd8 12. O-O Nxg3 13. hxg3 Qxg3 14. fxg4 e4 15. Qe1 Bc5+ 16. d4 exd3+ 17. Kh1 Qxg4 18. Rf3 c6 19. Bxc6 Kc7 20. Bxd5 Rae8 21. Qf1 Qh4+ 22. Rh3 Re1 23. Bf4+ Bd6 24. Nd2 Rxf1+ 25. Rxf1 Qe7 26. Bxd6+ Qxd6 27. Rxf7+ Kb8 28. Rxd3 Re8 29. Be4 Qe6 30. Rb7+ Kc8 31. Kg1 Qg4 32. Rb4 Qe2 33. Bf5+ Kc7 34. Nf1 Rf8 35. Rd7+ Kc6 36. Rd2 Qe5 37. Be4+ Kc7 38. Bf3 Qc5+ 39. Rdd4 Qg5 40. Rb7+ Kc8 41. Rc4+ Kd8 42. Rb8+ Ke7 43. Re4+ Kd7 44. Rxf8 Qc5+ 45. Rd4+ 1-0

[Event "First Saturday IM - Marzo 2007"]
[Site "Budapest UNG"]
[Date "2007.03.12"]
[Round "10"]
[White "Kahn, Evart Dr"]
[Black "Okara, Andrey"]
[Result "1-0"]
[WhiteElo "2293"]
[BlackElo "2358"]
[PlyCount "75"]
[EventDate "2007.03.03"]
[Source "www.chesslib.no"]
[SourceDate "2004.05.04"]

1. e4 e5 2. Nf3 Nc6 3. Bc4 Nf6 4. Ng5 d5 5. exd5 Nd4 6. c3 b5 7. Bf1 Nxd5 8. h4 h6 9. cxd4 hxg5 10. Bxb5+ Bd7 11. Qe2 Nf4 12. Qxe5+ Be7 13. d3 Bxb5 14. Qxb5+ Kf8 15. Bxf4 gxf4 16. Nc3 Rb8 17. Qf5 Rxb2 18. O-O g6 19. Qd5 Bd6 20. g3 Qd7 21. Rab1 Rxb1 22. Rxb1 Kg7 23. Ne4 fxg3 24. fxg3 Qg4 25. Qg5 Qe6 26. d5 Qe5 27. Qxe5+ Bxe5 28. Kg2 Rd8 29. Rb5 Bd4 30. a4 a6 31. Rb7 Rxd5 32. Rxc7 Be5 33. Rc5 Rxc5 34. Nxc5 Bd6 35. Nxa6 Kf6 36. d4 Ke6 37. Nc5+ Kd5 38. Nb3 1-0

[Event "Ano Liosia Open"]
[Site "Ano Liosia GRE"]
[Date "1993.??.??"]
[Round "6"]
[White "Papastavropoulos, Andreas"]
[Black "Pavlovic, Milos"]
[Result "0-1"]
[WhiteElo "2195"]
[BlackElo "2455"]
[PlyCount "88"]
[EventDate "1993.??.??"]
[Source "www.chesslib.no"]
[SourceDate "2004.05.04"]

1. e4 e5 2. Nf3 Nc6 3. Bc4 Nf6 4. Ng5 d5 5. exd5 Nd4 6. c3 b5 7. cxd4 bxc4 8. Qa4+ Qd7 9. Qxc4 Qxd5 10. Qxd5 Nxd5 11. Nc3 Nb4 12. O-O Nc2 13. Rb1 Nxd4 14. Re1 f6 15. Nge4 Ba6 16. Re3 f5 17. Ng5 Bd6 18. b4 O-O 19. b5 Bb7 20. Na4 h6 21. Nh3 f4 22. Re1 f3 23. Bb2 fxg2 24. Bxd4 exd4 25. Rb3 Rae8 26. Rxe8 Rxe8 27. f3 Re2 28. Rd3 Bd5 29. Nb2 Bxa2 30. Nf2 Bb1 31. Rxd4 Bc5 32. Rd8+ Kh7 33. Nbd1 Bb6 34. Kxg2 c6 35. Rd7 cxb5 36. Kf1 Re8 37. Nc3 Bf5 38. Rb7 Bc8 39. Rf7 b4 40. Nce4 Kg8 41. Rf4 Rd8 42. Nd1 Bd4 43. Ng3 b3 44. Nf5 b2 0-1

[Event "Corr"]
[Site "?"]
[Date "1998.07.10"]
[Round "?"]
[White "Rodriguez Keith (USA)"]
[Black "Mousessian John (USA)"]
[Result "1/2-1/2"]
[WhiteElo "2221"]
[BlackElo "2420"]
[PlyCount "20"]
[EventDate "1998.??.??"]
[Source "www.chesslib.no"]
[SourceDate "2004.05.04"]

1. e4 e5 2. Nf3 Nc6 3. Bc4 Nf6 4. Ng5 d5 5. exd5 Nd4 6. c3 b5 7. Bf1 Nxd5 8. Ne4 Qh4 9. Ng3 Bg4 10. f3 e4 1/2-1/2